Guess the Fusion Rock Song Lyrics #29 - Statistics

General Stats
  • This quiz has been taken 15 times
  • The average score is 109 of 247
Answer Stats
Answer % Correct
I
83%
to
83%
be
75%
do
75%
go
75%
my
75%
when
75%
why
75%
you
75%
by
67%
had
67%
it
67%
me
67%
no
67%
Santana
67%
the
67%
The
67%
But
58%
can
58%
Don't
58%
gone
58%
If
58%
I'm
58%
I've
58%
let
58%
Let
58%
on
58%
one
58%
this
58%
want
58%
what
58%
you're
58%
All
50%
been
50%
can't
50%
down
50%
ever
50%
Every
50%
feel
50%
Got
50%
like
50%
now
50%
or
50%
same
50%
say
50%
Tell
50%
that's
50%
way
50%
what's
50%
wouldn't
50%
are
42%
away
42%
enough
42%
just
42%
Just
42%
loved
42%
Should
42%
So
42%
there's
42%
things
42%
time
42%
without
42%
again
33%
eyes
33%
feeling
33%
going
33%
Life
33%
make
33%
nothing's
33%
once
33%
along
25%
close
25%
hold
25%
Hold
25%
Nobody's
25%
forever
17%
last
17%
living
17%
lose
17%
through
17%
try
17%
worth
17%
another
8%
broken
8%
everything
8%
minute
8%
pass
8%
pretender
8%
within
8%
concentrate
0%
detail
0%
fading
0%
file
0%
hurry
0%
memorize
0%
memory
0%
moment
0%
pace
0%
remember
0%
rush
0%
Slow
0%
something
0%
stealing
0%
No matching quizzes found
Score Distribution
Percent of People with Each Score
Percentile by Number Answered
Your Score History
You have not taken this quiz